000 00494nam a2200133 4500
999 _c14056
_d14056
008 190730b ||||| |||| 00| 0 eng d
082 _aDPer 050 T48 Apr-June 2016 v. 187 n. 12-24
100 _aMcDonald-Gibson, Charlotte.
_927701
245 _aHow a team of Belgian doctors is bringing cheap IVF to the world/
_cCharlotte McDonald-Gibson,
260 _aHong Kong:
_bTime Asia,
_cc2016.
300 _av187 n18, page 13:
_billustrations;
_c27 cm.
650 _aMedicine.
_939057
942 _2ddc
_cPER